书目信息 |
| 题名: |
实用英语演讲与口才
|
|
| 作者: | 何高大 , 盛之 主编 | |
| 分册: | ||
| 出版信息: | 长沙 中南工业大学出版社 1996.10 |
|
| 页数: | 258页 | |
| 开本: | 32开 | |
| 丛书名: | ||
| 单 册: | ||
| 中图分类: | H319.9 | |
| 科图分类: | ||
| 主题词: | 英语 | |
| 电子资源: | ||
| ISBN: | 7-81020-926-4 | |
| 000 | 00603nam0 2200205 45 | |
| 001 | 0007241660 | |
| 005 | 20000724162905.4 | |
| 010 | @a7-81020-926-4@d8.50元 | |
| 100 | @a20000724d1996 km y0chiy0120 ea | |
| 101 | 0 | @achi |
| 105 | @a z 000yy | |
| 200 | 1 | @a实用英语演讲与口才@AShi Yong Ying Yu Yan Jiang Yu Kou Cai@f何高大,盛之主编@FHe Gao Da,Sheng Zhi Zhu Bian |
| 210 | @a长沙@c中南工业大学出版社@d1996.10 | |
| 215 | @a258页@d32开 | |
| 606 | 0 | @a英语 |
| 690 | @aH319.9@v3 | |
| 701 | 0 | @a何高大@4主编 |
| 701 | 0 | @a盛之@4主编 |
| 801 | @aCN@bPftUser@c20000724 | |
| 905 | @b76726-735@dH319.9@eH139@f10 | |
| 实用英语演讲与口才/何高大,盛之主编.-长沙:中南工业大学出版社,1996.10 |
| 258页;32开 |
| ISBN 7-81020-926-4:8.50元 |
| ● |
| 相关链接 |
|
|
|
正题名:实用英语演讲与口才
索取号:H319.9/H139
 
预约/预借
| 序号 | 登录号 | 条形码 | 馆藏地/架位号 | 状态 | 备注 |
| 1 | 76726 | 200767269 | 语言库209/ [索取号:H319.9/H139] | 在馆 | |
| 2 | 76727 | 200767278 | 语言库209/209语言库 59排3列3层/ [索取号:H319.9/H139] | 在馆 | |
| 3 | 76728 | 200767287 | 语言库209/209语言库 59排3列3层/ [索取号:H319.9/H139] | 在馆 | |
| 4 | 76729 | 200767296 | 语言库209/209语言库 59排3列3层/ [索取号:H319.9/H139] | 在馆 | |
| 5 | 76730 | 200767303 | 语言库209/209语言库 59排3列3层/ [索取号:H319.9/H139] | 在馆 | |
| 6 | 76731 | 200767312 | 语言库209/209语言库 59排3列3层/ [索取号:H319.9/H139] | 在馆 | |
| 7 | 76732 | 200767321 | 语言库209/209语言库 59排3列3层/ [索取号:H319.9/H139] | 在馆 | |
| 8 | 76733 | 200767330 | 语言库209/209语言库 59排3列3层/ [索取号:H319.9/H139] | 在馆 | |
| 9 | 76734 | 200767349 | 语言库209/209语言库 59排3列3层/ [索取号:H319.9/H139] | 在馆 | |
| 10 | 76735 | 200767358 | 语言库209/209语言库 59排3列3层/ [索取号:H319.9/H139] | 在馆 |